000
00279nam a2200097Ia 4500
008
230915s9999 xx 000 0 und d
050
_a
TX 911.3 .P4 N33 2007
100
_a
NICKSON,DENNIS
245
0
_a
HUMAN RESOURCE MANAGEMENT FOR HOSPITALITY AND TOURISM INDUSTRIES
942
_c
BK
999
_c
206138
_d
206138